000 00262nam a22001097a 4500
008 170117b xxu||||| |||| 00| 0 eng d
020 _a9780132209045
041 _aeng
080 _a618.2
245 _aADMINISTRATIVE MEDICAL ASSISTING
_cBEAMAN, N
942 _2udc
_cBK
999 _c2979
_d2979